000
00287nam a2200133Ia 4500
008
231129s1973||||xx |||||||||||||| ||spa||
040
_b
spa
082
_a
873 V816e
100
_a
Virgilio Maron Publio
245
0
_a
Eneida
260
_c
1973
264
_a
Bruguera
942
_2
ddc
_c
BKS
999
_c
13060
_d
13060